000 00663nam a2200241Ia 4500
005 20231121155323.0
008 131103s9999 xx 000 0 und d
020 _a8131600955
_cRs 650
040 _aLoreto College
041 _aEnglish
082 _a396
_bARU
245 _aRural Women in South Asia
_cEdited by Jaya Arunachalam, U Kalpagam
260 _aJaipur
_bRawat Publications
_c2007
300 _ax,294p
504 _aIncludes bibliographical references and index
630 _aGender Studies
630 _aRural Women
650 _aFeminism
651 _aWomen Studies
700 _aArunachalam, Jaya, ed
850 _aLCLIB
942 _cBK
999 _c28666
_d79145